00460nam a2200181 a 4500001001300000003000900013005001700022008004100039020002300080082001300103100001900116245002400135260004300159300000900202500003500211650001300246700001900259nice12345678IN_TiNIC20260116014927.0091231s1972 lona grp 000 0 eng  a0232511799 c10000a230bTUG aTugwell, Simon aDid You the Spirit? aLondon bDarton, Longman & Todd c1972 a143p aincludes index and biblioraphy aTheology1 aTugwell, Simon